000 00646nam a2200169Ia 4500
008 090711s9999 xx 000 0 und d
082 _b52621
100 _aपाटणे संभाजीराव
245 _aत्यागमूर्ती कर्मवीर भाऊराव
260 _c1983
300 _a52
600 _aपाटणे संभाजीराव
630 _aत्यागमूर्ती कर्मवीर भाऊराव
700 _aपाटणे संभाजीराव
730 _aत्यागमूर्ती कर्मवीर भाऊराव
942 _cBOOK
999 _c322478
_d322478